Sucinta relación de los viajes de estudio y de las comisiones expontánea [sic] y gratuitamente hechas y desempeñadas, y de las obras dadas a la luz por D. Ramón de la Sagra, después de su salida de La Habana en abril de 1835, durante la publicación de París de la Historia política y natural de la isla de Cuba. (Registro nro. 165869)

Detalles MARC
000 -LEADER
campo de control de longitud fija 01059nam a22001935i 4500
001 - NÚMERO DE CONTROL
campo de control 165869
003 - IDENTIFICADOR DE NÚMERO DE CONTROL
campo de control ES-MaACL
005 - FECHA Y HORA DE LA ÚLTIMA TRANSACCIÓN
campo de control 20231221204702.0
008 - DATOS DE LONGITUD FIJA--INFORMACIÓN GENERAL
campo de control de longitud fija 050712s1855 sp |||| | spa d
245 00 - MENCIÓN DEL TÍTULO
Título Sucinta relación de los viajes de estudio y de las comisiones expontánea [sic] y gratuitamente hechas y desempeñadas, y de las obras dadas a la luz por D. Ramón de la Sagra, después de su salida de La Habana en abril de 1835, durante la publicación de París de la Historia política y natural de la isla de Cuba.
260 ## - PUBLICACIÓN, DISTRIBUCIÓN, ETC.
Lugar de publicación, distribución, etc. Madrid :
Nombre del editor, distribuidor, etc. [s.n.],
Fecha de publicación, distribución, etc. 1855 (
Fabricante Imp. del Colegio de Sordo-Mudos)
300 ## - DESCRIPCIÓN FÍSICA
Extensión 8 p. ;
Dimensiones 20 cm.
594 ## - Nota al título y mención de responsabilidad
Nota al título y mención de responsabilidad Título tomado de principio del texto, sin portada.
600 17 - PUNTO DE ACCESO ADICIONAL DE MATERIA--NOMBRE DE PERSONA
Nombre de persona La Sagra, Ramón de,
Fechas asociadas al nombre 1798-1871.
Título de la obra Historia física, política y natural de la isla de Cuba
Fuente del encabezamiento o término
9 (RLIN) 150373
740 02 - ENTRADA AGREGADA--TÍTULO RELACIONADO/ANALÍTICO NO CONTROLADO
Título relacionado o analítico no controlado Historia física, política y natural de la isla de Cuba.
852 4# - LOCALIZACIÓN
Ubicación ES-MaACL
Número de control de estantería T-7-F-12
Nota libre - Enc. hol., falto de cub. original
-- - Enc. en un vol. facticio
852 4# - LOCALIZACIÓN
Ubicación ES-MaACL
Número de control de estantería T-35-F-7
Existencias
Estatus retirado Estado de pérdida Estado de daño No para préstamo Colección Biblioteca de origen Biblioteca actual Ubicación en estantería Fecha de adquisición Fuente de adquisición Total de préstamos Signatura topográfica completa Código de barras Visto por última vez Precio de reemplazo Tipo de ítem Koha
        Colección de folletos Biblioteca del Ateneo de Madrid Biblioteca del Ateneo de Madrid Depósito folletos 06/06/2012     T-35-F-7 1189620 23/02/2023 23/02/2023 Folleto
        Colección de folletos Biblioteca del Ateneo de Madrid Biblioteca del Ateneo de Madrid Depósito folletos 17/01/2008     T-7-F-12 1173947 23/02/2023 23/02/2023 Folleto